Näkymättömän lähettiläs : Anna-Liisa Mattssonin elämä /

Saved in:
Bibliographic Details
Main Author: Tillander, Asta.
Format: Book
Language:Finnish
Published: [Vantaa] : Aika, c1996.
Edition:2. painos.
Subjects:
Tags: Add Tag
No Tags, Be the first to tag this record!
LEADER 00756nam a2200241Ia 4500
001 007701871-0
005 20060614152730.0
008 040122s1996 fi abf b 000 0bfin d
020 |a 9516064515 
035 0 |a ocm54069337 
040 |a HLS  |c HLS 
050 4 |a BV3705.M35  |b N334 1996 
090 |a BV3705.M35  |b N334 1996 
100 1 |a Tillander, Asta. 
245 1 0 |a Näkymättömän lähettiläs :  |b Anna-Liisa Mattssonin elämä /  |c Asta Tillander. 
250 |a 2. painos. 
260 |a [Vantaa] :  |b Aika,  |c c1996. 
300 |a 418 p., [16] p. of plates :  |b ill., 1 map ;  |c 20 cm. 
504 |a Includes bibliographical references (p. 407-416). 
600 1 0 |a Mattsson, Anna-Liisa,  |d 1909-1988. 
650 0 |a Missionaries  |v Biography. 
988 |a 20020608 
906 |0 MH